| 000 | 00936nam a22002057a 4500 | ||
|---|---|---|---|
| 999 |
_c57843 _d57843 |
||
| 003 | Ge_BSU | ||
| 005 | 20220818110818.0 | ||
| 008 | 210315s2020 ge ||||| |||| 00| 0 geo d | ||
| 020 | _a9789941460791 | ||
| 041 | _ageo | ||
| 080 | _a94(479.223-25) გ-61 | ||
| 100 |
_aგოგოლიშვილი, ოთარ _9930 |
||
| 245 |
_aბათუმის ოლქი 1900-1921 წლებში : _bნაწილი 2. 1915-1921 წწ. / _cოთარ გოგოლიშვილი; რედაქტორი დიმიტრი შველიძე. |
||
| 264 |
_aბათუმი : _b"გამომცემლობა აჭარა", _c2020. |
||
| 300 |
_a154 გვ. : _bსურ. , _c21 სმ. |
||
| 504 | _aბიბლიოგრ. გვ. 151-153 | ||
| 653 | _aისტორია | ||
| 700 |
_aშველიძე, დიმიტრი _eრედაქტორი _910455 |
||
| 942 |
_2udc _cBK |
||